000 00650nam a2200205 i 4500
001 24434
003 ES-MaACL
005 20240415133240.0
007 t|
008 021217s1892 ec ||||1| spa d
245 0 0 _aAntología ecuatoriana
_b: poetas.
260 _aQuito :
_b[s.n.],
_c1892 (
_fImp. de la Universidad Central)
300 _aIV, 685 p. ;
_c25 cm.
530 _aDisponible en formato digital.
650 7 _aPoesía ecuatoriana-
_9164323
_ys.XIX
852 _aES-MaACL
_jG-10817
856 _uhttp://bdh-rd.bne.es/viewer.vm?id=0000143372&page=1
_zBiblioteca Digital Hispánica
942 _2udc
999 _c24434
_d24434